|
|
|
|
| LEADER |
00000ny a22000003n 4500 |
| 005 |
20110621142738.0 |
| 008 |
040311s2009 it 000 0 ita d |
| 020 |
|
|
|a 9788884222237
|
| 035 |
|
|
|a 4671
|
| 040 |
|
|
|a UCLM
|d vLex
|
| 080 |
|
|
|a 348(450)
|
| 090 |
|
|
|c 966
|d 966
|
| 245 |
0 |
0 |
|a Diritto ecclesiastico e professione forense
|h [Recurso electrn̤ico]
|b (materiali per gli esami di avvocato) /
|c a cura di Gaetano Dammacco
|
| 256 |
|
|
|a Servicio en ln̕ea
|
| 260 |
|
|
|a Bari :
|b Cacucci,
|c cop. 2009
|
| 300 |
|
|
|a 110 p. ;
|c 22 cm
|
| 506 |
1 |
|
|a Contenido solo disponible en los productos indicados
|d vLex Global
|d vLex Global (Academic Edition, excluding Law Schools)
|d vLex Global (U.S. Academic Edition, Law Schools)
|d vLex Global (U.S. Academic Edition, excluding Law Schools)
|d vLex Global (Academic Edition, Law Schools)
|
| 650 |
0 |
4 |
|a Derecho eclesis̀tico
|z Italia
|
| 700 |
1 |
|
|a Dammacco, Gaetano
|
| 740 |
0 |
|
|a vLex Libros (Servicios en ln̕ea)
|
| 856 |
4 |
0 |
|u http://vlex.com/source/4671
|z Acceso restringido
|
| 942 |
|
|
|c BOOK
|
| 999 |
|
4 |
|a Derecho eclesis̀tico
|
| 999 |
|
4 |
|a Italia
|